| 000 | 01563nam0a2200325 4500 | ||
|---|---|---|---|
| 001 | RU\NLR\BIBL_A\012302040 | ||
| 005 | 20250624012544.0 | ||
| 035 | _a(NLR Aleph) 012302040 | ||
| 090 |
_a11325579 _c11325579 |
||
| 100 | _a20200727d1911 |||y0rusy50 ca | ||
| 101 | 0 | _arus | |
| 102 | _aRU | ||
| 105 | _aac z 000fy | ||
| 181 | 0 |
_ai _baxxe |
|
| 182 | 0 | _an | |
| 200 | 1 |
_aКраткая отечественная история в рассказах _eдля народных и вообще начальных училищ, с портретами замечательных лиц _fсоставил С. Рождественский |
|
| 203 |
_aТекст _bвизуальный _cнепосредственный |
||
| 205 | _aИзд. 32-е | ||
| 210 |
_aС.-Петербург _cКнигопечатня Шмидт _d1911 |
||
| 215 |
_a238, [2] с. _cил., портр. _d17 |
||
| 300 | _aЗагл. обл.: Отечественная история для народных училищ | ||
| 512 | 1 | _aОтечественная история для народных училищ | |
| 607 |
_aРоссия _xИстория _91554184 _3RU\NLR\AUTH\66979780 |
||
| 686 | 3 | _aТ3(2)0,02 | |
| 700 | 1 |
_7ca _8rus _aРождественский _bС. Е. _cпедагог, историк _f1834-1891 _gСергей Егорович _9217494 _3RU\NLR\AUTH\770217550 |
|
| 852 |
_aNLR _j40.22.3.261 |
||
| 942 | _cBOOK | ||
| 980 | _aNB | ||